[Event "Ambelokipi op 101th"]
[Site "Athens"]
[Date "2009.12.??"]
[Round "1.3"]
[White "Poteas, Ioannis"]
[Black "Tsiros, Dimitrios1111"]
[Result "1-0"]
[WhiteElo "2159"]
[BlackElo "1628"]
[PlyCount "49"]
[EventDate "2009.12.??"]
[EventType "swiss"]
[EventCountry "GRE"]
[SourceTitle "EXT 2024"]
[Source "ChessBase"]
[SourceDate "2023.10.10"]
[SourceVersion "1"]
[SourceVersionDate "2023.10.10"]
[SourceQuality "1"]

1. d4 d5 2. Nf3 Nf6 3. Bg5 e6 4. e3 c5 5. c3 Nc6 6. Nbd2 Be7 7. Bd3 0-0 8. 0-0 c4 9. Bc2 a6 10. Qe2 Re8 11. e4 dxe4 12. Ne5 Nxe5 13. dxe5 Nd5 14. Bxe7 Nxe7 15. Nxc4 Nf5 16. Qxe4 h5 17. Rad1 Qc7 18. Ne3 Rd8 19. Qc4 Qxc4 20. Nxc4 Bd7 21. Nb6 Bb5 22. c4 Nd4 23. Rxd4 Rxd4 24. Nxa8 Bxc4 25. Rd1 1-0

[Event "Heraklio op 13th"]
[Site "Heraklion"]
[Date "2009.06.21"]
[Round "9"]
[White "Delithanasis, Dimitrios"]
[Black "Poteas, Ioannis"]
[Result "1/2-1/2"]
[WhiteElo "2280"]
[BlackElo "2189"]
[PlyCount "69"]
[EventDate "2009.06.13"]
[EventType "swiss"]
[EventRounds "9"]
[EventCountry "GRE"]
[SourceTitle "EXT 2011"]
[Source "ChessBase"]
[SourceDate "2010.11.26"]
[SourceVersion "1"]
[SourceVersionDate "2010.11.26"]
[SourceQuality "1"]
[WhiteTeam "Greece"]
[BlackTeam "Turkey"]
[WhiteTeamCountry "GRE"]
[BlackTeamCountry "TUR"]

1. Nf3 d5 2. c4 e6 3. g3 Nf6 4. Bg2 Be7 5. 0-0 0-0 6. d4 dxc4 7. Qc2 a6 8. Qxc4 b5 9. Qc2 Bb7 10. Rd1 Qc8 11. Be3 Nbd7 12. Nc3 c5 13. Rac1 cxd4 14. Bxd4 Bc6 15. Qd2 Qb7 16. Qf4 Rfe8 17. Bh3 Rac8 18. g4 b4 19. g5 bxc3 20. gxf6 Nxf6 21. bxc3 Bxf3 22. exf3 Nd5 23. Qe4 Qc6 24. Bf1 Bg5 25. Qg4 f6 26. f4 Nxf4 27. h4 Bh6 28. Bxf6 e5 29. Bg5 Bxg5 30. hxg5 h6 31. Bg2 Qg6 32. Re1 Rc4 33. Bd5+ Nxd5 34. Qxc4 Qf7 35. Rcd1 1/2-1/2

[Event "Heraklio op 13th"]
[Site "Heraklion"]
[Date "2009.06.15"]
[Round "3"]
[White "Poteas, Ioannis"]
[Black "Pappelis, Dimitrios"]
[Result "1-0"]
[WhiteElo "2189"]
[BlackElo "1985"]
[PlyCount "83"]
[EventDate "2009.06.13"]
[EventType "swiss"]
[EventRounds "9"]
[EventCountry "GRE"]
[SourceTitle "EXT 2011"]
[Source "ChessBase"]
[SourceDate "2010.11.26"]
[SourceVersion "1"]
[SourceVersionDate "2010.11.26"]
[SourceQuality "1"]
[WhiteTeam "Greece"]
[BlackTeam "Turkey"]
[WhiteTeamCountry "GRE"]
[BlackTeamCountry "TUR"]

1. d4 Nf6 2. Nc3 d5 3. Bg5 Nbd7 4. e3 g6 5. f4 Bg7 6. Nf3 0-0 7. Bd3 c5 8. 0-0 b6 9. Qe1 h6 10. Bh4 Bb7 11. Rd1 Ne4 12. Ne5 cxd4 13. exd4 Ndf6 14. Nxe4 Nxe4 15. Qb4 Bf6 16. Bxe4 dxe4 17. Bxf6 exf6 18. Ng4 e3 19. Nxe3 Qe8 20. Qd2 Qe4 21. c4 Rfd8 22. d5 Re8 23. Rf3 Rac8 24. Qd4 Ba6 25. b3 b5 26. Qxf6 bxc4 27. Qxa6 c3 28. Qf1 c2 29. Rc1 Rc3 30. Nc4 Rxf3 31. Qxf3 Qd4+ 32. Kf1 Re4 33. g3 Qxd5 34. Kf2 Qd4+ 35. Kg2 g5 36. Rxc2 Re1 37. Rf2 Qa1 38. fxg5 Rg1+ 39. Kh3 Qg7 40. Qf6 Qf8 41. gxh6 Qc8+ 42. Qf5 1-0

[Event "Athens Filadelfia CC Spring op"]
[Site "Athens"]
[Date "2009.04.17"]
[Round "3.3"]
[White "Poteas, Ioannis"]
[Black "Goritsas, Christos"]
[Result "0-1"]
[WhiteElo "2189"]
[BlackElo "2338"]
[PlyCount "76"]
[EventDate "2009.04.07"]
[EventType "swiss"]
[EventRounds "10"]
[EventCountry "GRE"]
[SourceTitle "EXT 2024"]
[Source "ChessBase"]
[SourceDate "2023.10.10"]
[SourceVersion "1"]
[SourceVersionDate "2023.10.10"]
[SourceQuality "1"]

1. d4 Nf6 2. Nc3 d5 3. Bg5 Nbd7 4. e3 e6 5. Nf3 c5 6. Bd3 c4 7. Be2 Bb4 8. 0-0 Bxc3 9. bxc3 Qa5 10. Bxf6 Nxf6 11. Ne5 Qxc3 12. Qb1 0-0 13. a4 Ne4 14. Rd1 f6 15. Nf3 Qa5 16. Ra3 Rb8 17. Qa1 Bd7 18. Rb1 Rfd8 19. c3 Be8 20. Bd1 Nd6 21. Bc2 Bg6 22. Bxg6 hxg6 23. Rb4 Qc7 24. Nd2 Qc6 25. Qb1 Kf7 26. Ra2 b6 27. Rab2 Rb7 28. a5 b5 29. f3 a6 30. Qe1 Rh8 31. e4 Re7 32. Qe3 Qc7 33. Nf1 Qxa5 34. g4 Qc7 35. Re2 dxe4 36. fxe4 e5 37. dxe5 Rxe5 38. Ng3 Qc5 0-1

[Event "Athens Filadelfia CC Spring op"]
[Site "Athens"]
[Date "2009.04.14"]
[Round "2.2"]
[White "Konistis, Loukas"]
[Black "Poteas, Ioannis"]
[Result "1-0"]
[WhiteElo "2062"]
[BlackElo "2189"]
[PlyCount "103"]
[EventDate "2009.04.07"]
[EventType "swiss"]
[EventRounds "10"]
[EventCountry "GRE"]
[SourceTitle "EXT 2024"]
[Source "ChessBase"]
[SourceDate "2023.10.10"]
[SourceVersion "1"]
[SourceVersionDate "2023.10.10"]
[SourceQuality "1"]

1. d4 d5 2. c4 e6 3. Nc3 Nf6 4. Bg5 c6 5. e3 Be7 6. Nf3 0-0 7. Qc2 Ne4 8. Bxe7 Qxe7 9. 0-0-0 f5 10. Ne5 Nd7 11. Nxd7 Bxd7 12. f3 Nxc3 13. Qxc3 Rfc8 14. f4 c5 15. Kb1 dxc4 16. dxc5 Rxc5 17. Qa3 c3 18. Rc1 Rac8 19. b3 Qf6 20. Rc2 e5 21. Qxa7 exf4 22. Bc4+ Be6 23. Bxe6+ Qxe6 24. exf4 Qe4 25. Qa4 Qd3 26. Re1 R5c6 27. Qa7 Qd7 28. Qe3 b5 29. Qe7 Qd3 30. Qe3 Qd8 31. Qe5 Rd6 32. Rec1 b4 33. Qxf5 Ra8 34. Qc5 Rd4 35. f5 Ra5 36. Qc6 Re5 37. Rf2 Rd2 38. Qc4+ Kh8 39. Rxd2 cxd2 40. Rd1 h6 41. Qxb4 Qd3+ 42. Kb2 Re2 43. f6 gxf6 44. Qf8+ Kh7 45. Qf7+ Kh8 46. Qxf6+ Kh7 47. Qf7+ Kh8 48. Qc4 Qxc4 49. bxc4 Rxg2 50. Kc3 Rxh2 51. Rxd2 Rh1 52. c5 1-0

[Event "Ambelokipi op 093th "]
[Site "Athens"]
[Date "2009.01.17"]
[Round "3"]
[White "Barbagiannis, Leonidas"]
[Black "Poteas, Ioannis"]
[Result "0-1"]
[WhiteElo "1805"]
[BlackElo "2201"]
[PlyCount "62"]
[EventDate "2009.01.10"]
[EventType "swiss"]
[EventRounds "4"]
[EventCountry "GRE"]
[SourceTitle "EXT 2024"]
[Source "ChessBase"]
[SourceDate "2023.10.10"]
[SourceVersion "1"]
[SourceVersionDate "2023.10.10"]
[SourceQuality "1"]

1. e4 d5 2. exd5 Nf6 3. Bc4 Nxd5 4. Qf3 c6 5. Nc3 Be6 6. Nge2 Nc7 7. Bxe6 Nxe6 8. d3 g6 9. Be3 Bg7 10. 0-0 0-0 11. h4 f5 12. Nf4 Nxf4 13. Bxf4 e5 14. Bg5 Bf6 15. Bxf6 Qxf6 16. Rfe1 Nd7 17. Qh3 Rae8 18. Re2 Re7 19. Rae1 Rfe8 20. Qg3 b5 21. a3 a5 22. h5 g5 23. Qh2 g4 24. f3 Rg7 25. f4 g3 26. Qh3 Rg4 27. fxe5 Qg5 28. Re3 Rxe5 29. Rxe5 Nxe5 30. Rf1 Rh4 31. Ne4 Qe3+ 0-1

[Event "Nea Filadelfia Autumn"]
[Site "Nea Filadelfia"]
[Date "2008.10.27"]
[Round "3"]
[White "Poteas, Ioannis"]
[Black "Vazelakis, Dimitrios"]
[Result "1-0"]
[WhiteElo "2164"]
[BlackElo "2089"]
[PlyCount "123"]
[EventDate "2008.10.20"]
[EventType "tourn"]
[EventRounds "11"]
[EventCountry "GRE"]
[SourceTitle "CBM 127 Extra"]
[Source "ChessBase"]
[SourceDate "2009.01.08"]
[SourceVersion "2"]
[SourceVersionDate "2009.01.28"]
[SourceQuality "1"]

1. Nf3 Nf6 2. c4 g6 3. b4 Bg7 4. Bb2 0-0 5. d3 d6 6. Nbd2 e5 7. g3 Nc6 8. b5 Ne7 9. Bg2 Nd7 10. Qc2 f5 11. e3 Nc5 12. 0-0 f4 13. exf4 Bf5 14. Ne1 exf4 15. Bxg7 Kxg7 16. Qc3+ Kg8 17. d4 Ne6 18. Bxb7 Bh3 19. Bg2 Bxg2 20. Nxg2 Nf5 21. Nf3 Qf6 22. Rad1 g5 23. g4 Nfg7 24. Rd3 h5 25. h3 hxg4 26. hxg4 Kf7 27. d5 Qh6 28. dxe6+ Nxe6 29. Re1 Rh8 30. Kf1 Qh1+ 31. Ng1 Rh2 32. Rg3 Rah8 33. Nxf4 gxf4 34. Qf3 Qxf3 35. Rxf3 R2h4 36. Rxe6 Kxe6 37. Rxf4 Rg8 38. f3 Rh2 39. Ne2 Rh1+ 40. Kf2 Ra1 41. Nc3 Rh8 42. Re4+ Kd7 43. Nd5 Rxa2+ 44. Kg3 Rf8 45. g5 a5 46. bxa6 Rxa6 47. Nf6+ Kc6 48. Kg4 Ra1 49. Kf5 Rg1 50. g6 Rg3 51. f4 Rg1 52. Re7 Rf1 53. Rf7 Rc8 54. g7 Ra8 55. Rf8 Ra5+ 56. Nd5 Rg1 57. g8Q Rxg8 58. Rxg8 Kc5 59. Nxc7 Kxc4+ 60. Ke6 Kd4 61. Rg5 Ra4 62. f5 1-0

[Event "Ambelokipi op 089th"]
[Site "Athens"]
[Date "2008.09.22"]
[Round "5"]
[White "Poteas, Ioannis"]
[Black "Klokas, Konstantinos"]
[Result "1/2-1/2"]
[WhiteElo "2201"]
[BlackElo "2167"]
[PlyCount "67"]
[EventDate "2008.09.06"]
[EventType "swiss"]
[EventRounds "6"]
[EventCountry "GRE"]
[SourceTitle "EXT 2024"]
[Source "ChessBase"]
[SourceDate "2023.10.10"]
[SourceVersion "1"]
[SourceVersionDate "2023.10.10"]
[SourceQuality "1"]

1. d4 Nf6 2. Nf3 e6 3. Bg5 h6 4. Bxf6 Qxf6 5. c3 d5 6. Nbd2 c5 7. e3 Nc6 8. Bd3 Bd6 9. 0-0 0-0 10. dxc5 Bxc5 11. e4 Bb6 12. Qe2 Bd7 13. e5 Qf4 14. h3 f6 15. Bb5 fxe5 16. Bxc6 Bxc6 17. Qxe5 Qf7 18. Qe2 Rae8 19. Ne5 Qf5 20. Ndf3 Qh5 21. Rfe1 Rf4 22. Rad1 Qf5 23. Nd4 Qf6 24. Qh5 Bxd4 25. Rxd4 Rxf2 26. Ng4 Qf5 27. Qh4 Rxb2 28. Nxh6+ gxh6 29. Rf4 Qxf4 30. Qxf4 d4 31. Qg3+ Kh7 32. Qc7+ Kg8 33. Qg3+ Kh8 34. Qe5+ 1/2-1/2

[Event "Ambelokipi op 089th"]
[Site "Athens"]
[Date "2008.09.10"]
[Round "2"]
[White "Koutrakis, Stamatios"]
[Black "Poteas, Ioannis"]
[Result "1/2-1/2"]
[WhiteElo "1909"]
[BlackElo "2201"]
[PlyCount "89"]
[EventDate "2008.09.06"]
[EventType "swiss"]
[EventRounds "6"]
[EventCountry "GRE"]
[SourceTitle "EXT 2024"]
[Source "ChessBase"]
[SourceDate "2023.10.10"]
[SourceVersion "1"]
[SourceVersionDate "2023.10.10"]
[SourceQuality "1"]

1. e4 a6 2. d4 b5 3. c4 Bb7 4. f3 b4 5. Be3 e5 6. d5 d6 7. Qa4+ Nd7 8. Qxb4 Rb8 9. Qd2 Ne7 10. Nc3 f5 11. Bd3 fxe4 12. Nxe4 Nf5 13. Ba7 Ra8 14. Ng5 Qf6 15. Bf2 Nc5 16. Bxc5 dxc5 17. Ne6 Rc8 18. Bxf5 Qxf5 19. Qe3 c6 20. Qe4 Qf6 21. Nxf8 Rxf8 22. d6 g6 23. 0-0-0 Kd7 24. Ne2 Qg5+ 25. Kb1 Rce8 26. Nc3 Rf4 27. Qd3 Rd4 28. Ne4 Rxd3 29. Nxg5 Rd4 30. Ne4 Rb8 31. Nxc5+ Kxd6 32. Ne4+ Ke6 33. Rxd4 exd4 34. Rd1 Ke5 35. Nc5 Bc8 36. f4+ Kxf4 37. Rxd4+ Ke5 38. Re4+ Kd6 39. Nd3 Bf5 40. Re3 Bxd3+ 41. Rxd3+ Kc5 42. b3 Re8 43. Rd2 a5 44. Kb2 Re3 45. a3 1/2-1/2

[Event "Ambelokipi op 089th"]
[Site "Athens"]
[Date "2008.09.06"]
[Round "1"]
[White "Poteas, Ioannis"]
[Black "Spanos, Georgios"]
[Result "1-0"]
[WhiteElo "2201"]
[BlackElo "1786"]
[PlyCount "87"]
[EventDate "2008.09.06"]
[EventType "swiss"]
[EventRounds "6"]
[EventCountry "GRE"]
[SourceTitle "EXT 2024"]
[Source "ChessBase"]
[SourceDate "2023.10.10"]
[SourceVersion "1"]
[SourceVersionDate "2023.10.10"]
[SourceQuality "1"]

1. d4 d5 2. Nf3 Nf6 3. Bg5 c6 4. c3 e6 5. Nbd2 h6 6. Bh4 Be7 7. e3 Nbd7 8. Bd3 0-0 9. 0-0 b6 10. Bxf6 Nxf6 11. Ne5 Qc7 12. f4 c5 13. Qf3 Bb7 14. g4 Nd7 15. g5 Nxe5 16. dxe5 Bxg5 17. fxg5 Qxe5 18. gxh6 Qg5+ 19. Qg3 Qxh6 20. Rf4 f5 21. Nf3 Rf6 22. Ne5 g5 23. h4 g4 24. Raf1 Qg7 25. R4f2 Rd8 26. Qf4 Qh6 27. Nxg4 Qg7 28. Rg2 Rg6 29. Nh6+ Kh7 30. Rxg6 Qxg6+ 31. Kf2 Rd7 32. Ng4 Rg7 33. Rg1 Kh8 34. Rg3 Kh7 35. Ne5 Qh6 36. Qxh6+ Kxh6 37. Rxg7 Kxg7 38. Kg3 Kh6 39. Be2 Kg7 40. Kf4 c4 41. Kg5 b5 42. h5 a5 43. h6+ Kh7 44. Bh5 1-0

[Event "Athens op"]
[Site "Athens"]
[Date "2008.06.18"]
[Round "5"]
[White "Poteas, Ioannis"]
[Black "Malamatas, Konstantinos"]
[Result "1/2-1/2"]
[WhiteElo "2162"]
[BlackElo "1882"]
[PlyCount "80"]
[EventDate "2008.06.14"]
[EventType "swiss"]
[EventRounds "9"]
[EventCountry "GRE"]
[SourceTitle "CBM 125 Extra"]
[Source "ChessBase"]
[SourceDate "2008.09.01"]
[SourceVersion "1"]
[SourceVersionDate "2008.09.01"]
[SourceQuality "1"]

1. d4 Nf6 2. Nc3 d5 3. Bg5 Bf5 4. e3 e6 5. Bd3 Bg6 6. Bxg6 hxg6 7. Qd3 Nbd7 8. Nf3 Be7 9. 0-0 c6 10. Bxf6 gxf6 11. e4 f5 12. exd5 cxd5 13. Rfe1 Kf8 14. Qb5 Rb8 15. Rad1 a6 16. Qd3 Kg7 17. Qe3 Bf6 18. Ne5 Bxe5 19. dxe5 Qh4 20. Qg3 f4 21. Qxh4 Rxh4 22. Rd4 g5 23. Ne4 f3 24. g3 Rxe4 25. Rexe4 dxe4 26. Rxd7 Rc8 27. c3 Rc5 28. h3 Rxe5 29. c4 b5 30. Rd4 bxc4 31. Rxc4 e3 32. fxe3 Rxe3 33. Rc2 e5 34. Kf2 Rd3 35. Rc3 Rd2+ 36. Kxf3 Rxb2 37. Ra3 Rb6 38. Ke4 Kf6 39. Ra4 Ke6 40. g4 f6 1/2-1/2

[Event "Athens op"]
[Site "Athens"]
[Date "2008.06.16"]
[Round "3"]
[White "Nikolaidis, Konstantinos"]
[Black "Poteas, Ioannis"]
[Result "1-0"]
[WhiteElo "2299"]
[BlackElo "2162"]
[PlyCount "93"]
[EventDate "2008.06.14"]
[EventType "swiss"]
[EventRounds "9"]
[EventCountry "GRE"]
[SourceTitle "CBM 125 Extra"]
[Source "ChessBase"]
[SourceDate "2008.09.01"]
[SourceVersion "1"]
[SourceVersionDate "2008.09.01"]
[SourceQuality "1"]

1. e4 a6 2. c4 e5 3. Nf3 Nc6 4. Nc3 Bc5 5. Nxe5 Bxf2+ 6. Kxf2 Nxe5 7. d4 Ng6 8. Be2 d6 9. Rf1 N8e7 10. Kg1 0-0 11. Be3 f5 12. Qd2 c6 13. Rf2 b5 14. b3 Qc7 15. Bd3 Bd7 16. Raf1 b4 17. Ne2 fxe4 18. Bxe4 a5 19. Qc2 Rxf2 20. Bxf2 Be6 21. Bg3 Qd7 22. c5 d5 23. Bd3 Rf8 24. Rxf8+ Nxf8 25. Bd6 Bf5 26. Ng3 Bxd3 27. Qxd3 Qe6 28. Qe2 Nc8 29. Bc7 Qf6 30. Qg4 Ne6 31. Bxa5 Qxd4+ 32. Qxd4 Nxd4 33. Bxb4 Ne6 34. Kf2 g6 35. Ke3 Kf7 36. Ne2 Ne7 37. Nd4 Nf5+ 38. Nxf5 gxf5 39. a4 Ke7 40. Ba3 d4+ 41. Kd3 Kf6 42. b4 Ke5 43. Bc1 Kd5 44. Bd2 Nf8 45. Bf4 Ne6 46. g3 h5 47. a5 1-0

[Event "Ambelokipi op 87th"]
[Site "Athens"]
[Date "2008.05.21"]
[Round "4"]
[White "Poteas, Ioannis"]
[Black "Sarakenidis, Nikolaos"]
[Result "1-0"]
[WhiteElo "2162"]
[BlackElo "1495"]
[PlyCount "98"]
[EventDate "2008.05.10"]
[EventType "swiss"]
[EventRounds "7"]
[EventCountry "GRE"]
[SourceTitle "EXT 2010"]
[Source "ChessBase"]
[SourceDate "2010.11.25"]
[SourceVersion "1"]
[SourceVersionDate "2010.11.25"]
[SourceQuality "1"]

1. d4 g6 2. e4 Bg7 3. c3 d6 4. Nf3 Nc6 5. Bc4 h6 6. 0-0 e5 7. dxe5 dxe5 8. Qe2 Bg4 9. h3 Bxf3 10. Qxf3 Qf6 11. Qe2 Bf8 12. f4 Bc5+ 13. Kh1 Qg7 14. Bd5 Nge7 15. Qb5 Bd6 16. fxe5 Qxe5 17. Bf4 Qxf4 18. Rxf4 Bxf4 19. Na3 0-0 20. Rf1 g5 21. Nc4 a6 22. Qc5 Rad8 23. Bxc6 Nxc6 24. h4 Rd3 25. hxg5 hxg5 26. Rxf4 gxf4 27. Qg5+ Kh8 28. Qxf4 b5 29. Ne3 Rd6 30. Nf5 Rg6 31. Qxc7 Kg8 32. g4 a5 33. Kh2 b4 34. Kg3 bxc3 35. bxc3 Kh7 36. Kf4 Nd8 37. Qxa5 Rfg8 38. Ne3 Rf6+ 39. Kg3 Rfg6 40. Qh5+ Rh6 41. Qf5+ Kh8 42. c4 Rg7 43. Qd7 Rg8 44. c5 Ne6 45. c6 Ng5 46. c7 Nxe4+ 47. Kf4 Nd6 48. Nf5 Rf6 49. Qxd6 Rc8 1-0

[Event "Ambelokipi op 87th"]
[Site "Athens"]
[Date "2008.05.14"]
[Round "2"]
[White "Zahariou, Nikolaus"]
[Black "Poteas, Ioannis"]
[Result "1/2-1/2"]
[WhiteElo "1831"]
[BlackElo "2162"]
[PlyCount "137"]
[EventDate "2008.05.10"]
[EventType "swiss"]
[EventRounds "7"]
[EventCountry "GRE"]
[SourceTitle "EXT 2010"]
[Source "ChessBase"]
[SourceDate "2010.11.25"]
[SourceVersion "1"]
[SourceVersionDate "2010.11.25"]
[SourceQuality "1"]

1. d4 b5 2. e3 Bb7 3. f4 Nf6 4. Nf3 a6 5. Bd3 g6 6. 0-0 Bg7 7. Qe2 d5 8. Nbd2 Ne4 9. Bxe4 dxe4 10. Ng5 0-0 11. Ngxe4 Nd7 12. g4 h6 13. Ng3 c5 14. c3 f5 15. gxf5 gxf5 16. Nf3 e6 17. Bd2 Nf6 18. dxc5 Qd5 19. Nd4 Ne4 20. Nxe4 Qxe4 21. c6 Bxc6 22. Nxc6 Qxc6 23. Rad1 Kh7 24. h3 Bf6 25. Kh2 Rad8 26. Bc1 Qe4 27. Qg2 Rg8 28. Qxe4 fxe4 29. Rxd8 Rxd8 30. Rf2 Rd1 31. Rc2 Re1 32. a4 Kg6 33. axb5 axb5 34. Kg2 e5 35. fxe5 Bxe5 36. c4 bxc4 37. Rxc4 Kf5 38. b4 h5 39. Rc2 h4 40. b5 Ke6 41. Bd2 Rb1 42. b6 Rxb6 43. Be1 Bf6 44. Rc5 Rb2+ 45. Bf2 Be5 46. Kf1 Bg3 47. Bxg3 hxg3 48. Rc6+ Kf5 49. Rc8 Rf2+ 50. Kg1 Re2 51. Rf8+ Ke5 52. h4 Kd5 53. Rg8 Rh2 54. Rg4 Ke5 55. Rg5+ Ke6 56. Rg4 Ke5 57. Rf4 Re2 58. Rg4 Rxe3 59. Kg2 Kd4 60. h5 Rb3 61. h6 Rb7 62. Rg7 Rb6 63. h7 Rh6 64. Kxg3 Ke3 65. Re7 Kd3 66. Kf4 Rh4+ 67. Kg3 Rh6 68. Kf4 Rh4+ 69. Kg3 1/2-1/2

[Event "Ambelokipi op 87th"]
[Site "Athens"]
[Date "2008.05.10"]
[Round "1"]
[White "Poteas, Ioannis"]
[Black "Mpousios, Georgios"]
[Result "1-0"]
[WhiteElo "2162"]
[BlackElo "1580"]
[PlyCount "81"]
[EventDate "2008.05.10"]
[EventType "swiss"]
[EventRounds "7"]
[EventCountry "GRE"]
[SourceTitle "EXT 2010"]
[Source "ChessBase"]
[SourceDate "2010.11.25"]
[SourceVersion "1"]
[SourceVersionDate "2010.11.25"]
[SourceQuality "1"]

1. d4 d5 2. Nf3 e6 3. Bf4 Nf6 4. Nbd2 Bd6 5. e3 Bxf4 6. exf4 Nbd7 7. Bd3 h6 8. 0-0 b6 9. Qe2 Qe7 10. Rae1 Bb7 11. f5 0-0-0 12. fxe6 fxe6 13. Qxe6 Qxe6 14. Rxe6 Rde8 15. Rfe1 Rxe6 16. Rxe6 Re8 17. Rxe8+ Nxe8 18. Bf5 Kd8 19. Ne5 Nxe5 20. dxe5 Bc8 21. Bxc8 Kxc8 22. f4 Kd7 23. g4 Ke6 24. Nf3 c5 25. f5+ Kd7 26. Kf2 d4 27. Kg3 Nc7 28. h4 Nd5 29. g5 hxg5 30. hxg5 Ne3 31. Kf4 Nxc2 32. e6+ Ke7 33. Ke5 d3 34. f6+ gxf6+ 35. gxf6+ Kf8 36. Kd6 Nd4 37. Kd7 Nxe6 38. Kxe6 c4 39. f7 b5 40. Kf6 b4 41. Ne5 1-0

[Event "Ambelokipi op 85th"]
[Site "Athens"]
[Date "2008.03.26"]
[Round "6"]
[White "Poteas, Ioannis"]
[Black "Kesoglou, Konstantinos"]
[Result "1/2-1/2"]
[WhiteElo "2131"]
[BlackElo "2147"]
[PlyCount "43"]
[EventDate "2008.03.11"]
[EventType "swiss"]
[EventRounds "7"]
[EventCountry "GRE"]
[SourceTitle "EXT 2010"]
[Source "ChessBase"]
[SourceDate "2010.11.25"]
[SourceVersion "1"]
[SourceVersionDate "2010.11.25"]
[SourceQuality "1"]

1. d4 Nf6 2. Nf3 g6 3. b3 Bg7 4. Bb2 b6 5. g3 Bb7 6. Bg2 d6 7. 0-0 0-0 8. Nbd2 Nbd7 9. Re1 e6 10. c4 d5 11. Qc2 c5 12. e3 Rc8 13. Rac1 Rc7 14. Qb1 Qa8 15. cxd5 Nxd5 16. a3 Rfc8 17. dxc5 Rxc5 18. Bxg7 Kxg7 19. Rxc5 Rxc5 20. Qb2+ N7f6 21. Rc1 Qc8 22. Rxc5 1/2-1/2

[Event "Ambelokipi op 84th"]
[Site "Athens"]
[Date "2008.02.02"]
[Round "7"]
[White "Poteas, Ioannis"]
[Black "Thrasivoulidis, Michail"]
[Result "1-0"]
[WhiteElo "2121"]
[BlackElo "1859"]
[PlyCount "85"]
[EventDate "2008.01.12"]
[EventType "swiss"]
[EventRounds "7"]
[EventCountry "GRE"]
[SourceTitle "EXT 2010"]
[Source "ChessBase"]
[SourceDate "2010.11.25"]
[SourceVersion "1"]
[SourceVersionDate "2010.11.25"]
[SourceQuality "1"]

1. d4 d5 2. Nc3 Nf6 3. Bg5 Bf5 4. e3 e6 5. Bd3 Bxd3 6. Qxd3 Be7 7. Qb5+ Nbd7 8. Qxb7 0-0 9. Qc6 Rb8 10. Rb1 h6 11. Bf4 Ne8 12. Qa6 Bb4 13. Nge2 Nd6 14. Bxd6 Bxd6 15. 0-0 Qh4 16. f4 Nf6 17. Qd3 c5 18. h3 c4 19. Qd1 Nh5 20. Qe1 Qe7 21. g4 Nf6 22. Qf2 Rfc8 23. Qf3 Qb7 24. g5 hxg5 25. fxg5 Ne4 26. Nxe4 dxe4 27. Qg4 e5 28. g6 Rf8 29. gxf7+ Rxf7 30. Qe6 Qe7 31. Qxe7 Rxe7 32. b3 cxb3 33. cxb3 Rc8 34. Rbc1 Rxc1 35. Rxc1 exd4 36. Nxd4 Rc7 37. Rxc7 Bxc7 38. Ne6 Bb6 39. Kf2 Kf7 40. Ng5+ Kf6 41. Nxe4+ Ke5 42. Kf3 g6 43. Nd2 1-0

[Event "Ambelokipi op 84th"]
[Site "Athens"]
[Date "2008.01.26"]
[Round "5"]
[White "Soukos, Konstantinos"]
[Black "Poteas, Ioannis"]
[Result "1-0"]
[WhiteElo "2158"]
[BlackElo "2121"]
[PlyCount "87"]
[EventDate "2008.01.12"]
[EventType "swiss"]
[EventRounds "7"]
[EventCountry "GRE"]
[SourceTitle "EXT 2010"]
[Source "ChessBase"]
[SourceDate "2010.11.25"]
[SourceVersion "1"]
[SourceVersionDate "2010.11.25"]
[SourceQuality "1"]

1. d4 e6 2. Nf3 d5 3. Bf4 Bd6 4. Bg3 f5 5. e3 Nf6 6. c4 0-0 7. Nc3 c6 8. Qc2 Ne4 9. Bxd6 Nxd6 10. Ne5 Nd7 11. f4 Nxe5 12. dxe5 Ne4 13. Nxe4 fxe4 14. 0-0-0 Bd7 15. Be2 b5 16. c5 b4 17. Kb1 a5 18. Qd2 Qc7 19. g4 Bc8 20. g5 Ba6 21. Bxa6 Rxa6 22. Rhg1 Qe7 23. Rc1 Ra7 24. Rg3 Rb8 25. Rh3 Rb5 26. Qe2 g6 27. Rh6 b3 28. h4 Rxc5 29. Rxc5 bxa2+ 30. Kxa2 Qxc5 31. h5 d4 32. exd4 Qxd4 33. hxg6 Qa4+ 34. Kb1 Rd7 35. gxh7+ Kh8 36. Rh1 e3 37. Qxe3 Rd1+ 38. Rxd1 Qxd1+ 39. Qc1 Qd3+ 40. Qc2 Qf1+ 41. Ka2 Qxf4 42. g6 Qg4 43. Qd3 Qh4 44. Qf3 1-0

[Event "Ambelokipi op 83rd"]
[Site "Athens"]
[Date "2007.12.15"]
[Round "5"]
[White "Vazelakis, Dimitrios"]
[Black "Poteas, Ioannis"]
[Result "0-1"]
[WhiteElo "2076"]
[BlackElo "2119"]
[PlyCount "98"]
[EventDate "2007.12.01"]
[EventType "swiss"]
[EventRounds "7"]
[EventCountry "GRE"]
[SourceTitle "EXT 2024"]
[Source "ChessBase"]
[SourceDate "2023.10.10"]
[SourceVersion "1"]
[SourceVersionDate "2023.10.10"]
[SourceQuality "1"]

1. e4 d5 2. exd5 Nf6 3. d4 Nxd5 4. Nf3 c6 5. h3 Bf5 6. Bd3 Bxd3 7. Qxd3 e6 8. 0-0 Be7 9. c4 Nf6 10. Be3 Nbd7 11. Nc3 0-0 12. Rad1 Qa5 13. d5 exd5 14. cxd5 cxd5 15. Nxd5 Nxd5 16. Qxd5 Qxd5 17. Rxd5 Nf6 18. Rd3 Rfc8 19. Rfd1 b6 20. Kf1 Ne4 21. Bd4 Rc2 22. Ne1 Rc6 23. Re3 f5 24. Nf3 Rac8 25. Red3 Rc1 26. Be3 Rxd1+ 27. Rxd1 Rc2 28. Rd7 Bc5 29. Nd4 Rxb2 30. Nxf5 Bxe3 31. Nxe3 Rxf2+ 32. Ke1 Rxa2 33. g4 Nf6 34. Rb7 g6 35. g5 Ne4 36. h4 Rh2 37. Ng4 Rxh4 38. Nh6+ Kf8 39. Rf7+ Ke8 40. Rxa7 Nxg5 41. Ng8 Re4+ 42. Kd1 Re6 43. Nh6 Re7 44. Ra8+ Kd7 45. Ng8 Re6 46. Nh6 Kc6 47. Kc2 Kc5 48. Rc8+ Kb4 49. Kd2 b5 0-1

[Event "Ambelokipi op 82nd"]
[Site "Athens"]
[Date "2007.11.14"]
[Round "4"]
[White "Poteas, Ioannis"]
[Black "Kagas, Konstantinos"]
[Result "1-0"]
[WhiteElo "2119"]
[BlackElo "2086"]
[PlyCount "57"]
[EventDate "2007.11.03"]
[EventType "swiss"]
[EventRounds "7"]
[EventCountry "GRE"]
[SourceTitle "EXT 2024"]
[Source "ChessBase"]
[SourceDate "2023.10.10"]
[SourceVersion "1"]
[SourceVersionDate "2023.10.10"]
[SourceQuality "1"]

1. d4 c5 2. d5 d6 3. Nc3 g6 4. e4 Bg7 5. Nf3 Bg4 6. Be2 a6 7. a4 Nd7 8. Nd2 Bxe2 9. Qxe2 Qc7 10. Nc4 Ngf6 11. 0-0 h5 12. h3 h4 13. Bg5 Rh5 14. Bf4 Ne5 15. Bxe5 dxe5 16. a5 0-0-0 17. Rab1 Ne8 18. b4 Nd6 19. bxc5 Qxc5 20. Na4 Qc7 21. Nxd6+ Rxd6 22. c4 Qxa5 23. c5 Rf6 24. Nb6+ Kd8 25. Qg4 e6 26. dxe6 Rxe6 27. Qd1+ Ke7 28. Qd7+ Kf8 29. Qd8+ 1-0